| 000 | 00635nam a22002537a 4500 | ||
|---|---|---|---|
| 003 | UA-OsUOA | ||
| 001 | 21431 | ||
| 007 | ta | ||
| 008 | 20031203b un ||||| |||| 00| 0 ukr d | ||
| 100 | _aКомаринська З. М. | ||
| 090 |
_a336.741.(091) _bК63 |
||
| 942 | _cBK | ||
| 040 |
_aUA-OsUOA _bukr _cUA-OsUOA _dUA-OsUOA |
||
| 245 | _aІсотрія грошей | ||
| 300 | _a112 с. | ||
| 955 | _a0 | ||
| 041 | _aukr | ||
| 080 | _a336.741.(091) | ||
| 020 | _a966-7330-03-6 | ||
| 260 |
_aЛьвів _bЛьвівський банківський коледж _c1998 |
||
| 044 | _aUA | ||
| 650 | 7 | _2UDC | |
| 999 |
_c307628 _d307628 |
||